LEADER 01320nam a2200277 u 4500 001 000000092353 003 CaOOAMICUS 005 20070226124929.0 008 060606s1996 cau u000 u eng u 020 $a0-7879-0230-6 035 $a11091673 040 $aPUL$bita 100 1 $aGreenleaf, Robert K.$0(OLS)http://pul/name/59583 245 10$aOn becoming a servant-leader :$bthe private writings of Robert K. Greenleaf /$cRobert K. Greenleaf ; Don M.Frick, Larry C. Spears,editors; Foreword by Peter F. Drucker. 260 $aSan Francisco :$bJossey-Bass Publishers,$cc1996. 300 $axx, 394 p. ;$c24 cm 504 $aInclude indice e riferimenti bibliografici. 650 4$aLeadership.$0(OLS)http://pul/subject/26399 700 1 $aSpears, Larry C.$0(OLS)http://pul/name/59585 700 1 $aFrick, Don M.$0(OLS)http://pul/name/59584 850 $aPUL 852 $aPUL$W1$xSL Diritto e Scienze Sociali 3$y79$m303. 3 GRERO$j116163$nBK-PRI$b $qDDC 21$B116163$CPULBib$Z2$F116163 $HPUL101174 $81 941 1 $a9 996 $6020$a0-7879-0230-6$9(OLS)http://pul/number/121341 996 $6245$aOn becoming a servant-leader :$bthe private writings of Robert K. Greenleaf$9(OLS)http://pul/title/119187 996 $6260$aSan Francisco :$bJossey-Bass Publishers$9(OLS)http://pul/publisher/79093 LEADER 01194nam a2200325 u 4500 001 000000049557 003 CaOOAMICUS 005 20070226115126.0 008 000705s2000 it u000 u ita u 020 $a8826312346 035 $a10851612 040 $aPUL$bita 041 1 $aita$hfre 100 1 $aMopsik, Charles.$0(OLS)http://pul/name/35826 240 10$aCabale et cabalistes.$lItaliano.$0(OLS)http://pul/title/66809 245 10$aCabala e cabalisti /$cCharles Mopsik. 260 $aRoma :$bBorla,$cc2000. 300 $a218 p. ;$c21 cm 490 1 $aL'avventura interiore 500 $aContiene indici. 504 $a"Orientamento bibliografico": p. 213-215. 650 4$aCabala$xStoria.$0(OLS)http://pul/subject/15057 830 2$aL'avventura interiore.$0(OLS)http://pul/title/65990 850 $aPUL 852 $aPUL$W1$xSL Religione 1$y3$m40 A 33$j65833$nBK-PRI$b $qStampati$B65833$CPULBib$Z2$F65833 $H $81 941 1 $a8 961 $aINV: 82312 996 $6020$a8826312346$9(OLS)http://pul/number/62629 996 $6245$aCabala e cabalisti$9(OLS)http://pul/title/66810 996 $6260$aRoma :$bBorla$9(OLS)http://pul/publisher/48061